000 04436nab a2200337 i 4500
003 BR-BrBNA
005 20250812182132.0
008 250812b2022 bl.mr|pooa||| 00| 0 eng |
040 _aBR-BrBNA
_beng
072 _aF01
_b1120
072 _aF60
100 _aCarreiro, Daniel de A.
100 _aAmariz, Renata A. e
100 _aSanches, Luciana G.
100 _aLobo, Jackson T.
100 _aPaiva Neto, Vespasiano B. de
100 _aCavalcante, Ítalo H. L.
245 _aGas exchanges and photosynthetic pigments of ‘Tommy Atkins’ mango as a function of fenpropimorph
500 _aPublicação on-line; 25 ref.; 6 illus; 3 tables; Sumaries (En, Pt)
520 _a ABSTRACT: The objective of the present study was to evaluate the influence of the application of fenpropimorph and paclobutrazol on gas exchanges and photosynthetic pigments of ‘Tommy Atkins’ mango grown in the semi-arid region in different evaluation periods. Two experiments were carried out in ‘Tommy Atkins’ mango orchards in the first production cycle between September and December 2018 (first experiment) and between September and December 2019 (second experiment) in Petrolina, PE, Brazil. The experimental design adopted was randomized blocks in split plots in time, 4 × 4 + 1, with four replicates. The plots corresponded to the concentrations of fenpropimorph: 0, 0.7, 1.0, and 1.3 g per linear meter of plant canopy diameter plus the additional paclobutrazol treatment (1 g per linear meter of plant canopy diameter), and the subplots corresponded to the evaluation dates (0, 30, 60, and 90 days after the first application of treatments). The following traits were evaluated: CO2 assimilation rate, stomatal conductance, internal CO2 concentration, transpiration, water use efficiency, chlorophyll a, chlorophyll b, total chlorophyll, and carotenoids. The fenpropimorph dose of 1.3 g per linear meter of plant canopy promotes a higher rate of CO2 assimilation; however, paclobutrazol was more effective in the accumulation of chlorophyll a and total chlorophyll, and the use of fenpropimorph did not interfere in the concentration of photosynthetic pigments. Key words: Mangifera indica L., growth regulator, plant physiology
520 _a RESUMO: O objetivo do presente estudo foi avaliar a influência da aplicação de fenpropimorfe e paclobutrazol nas trocas gasosas e pigmentos fotossintéticos de mangueira ‘Tommy Atkins’ cultivada no semiárido em diferentes períodos de avaliação. Foram realizados dois experimentos em pomares de mangueira ‘Tommy Atkins’ no primeiro ciclo produtivo entre setembro e dezembro de 2018 (primeiro experimento) e entre setembro e dezembro de 2019 (segundo experimento) em Petrolina, PE, Brasil. O delineamento experimental adotado foi o de blocos casualizados em parcelas subdivididas no tempo, 4 × 4 + 1, com quatro repetições. As parcelas corresponderam às concentrações de fenpropimorfe: 0; 0,7; 1,0 e 1,3 g por metro linear de diâmetro da copa mais o tratamento adicional paclobutrazol (1 g por metro linear de diâmetro da copa), e as subparcelas corresponderam às datas de avaliação (0, 30, 60 e 90 dias após a primeira aplicação dos tratamentos). As seguintes características foram avaliadas: taxa de assimilação de CO2 , condutância estomática, concentração interna de CO2 , transpiração, eficiência do uso da água, clorofila a, clorofila b, clorofila total e carotenoides. Basicamente, a dose de 1,3 g de fenpropimorfe por metro linear do dossel da planta promove uma maior taxa de assimilação de CO2 ; porém, o paclobutrazol foi mais eficaz no acúmulo de clorofila a e clorofila total, e o uso de fenpropimorfe não interferiu na concentração dos pigmentos fotossintéticos. Palavras-chave: Mangifera indica L., regulador de crescimento, fisiologia vegetal
650 _aMANGA
650 _aREGULADOR DE CRESCIMENTO
650 _aTROCA GASOSA
650 _aFISIOLOGIA VEGETAL
650 _aCLOROFILA
773 0 _03534
_9317820
_dCampina Grande-PB Universidade Federal de Campina Grande. Centro de Ciências e Tecnologia 1997
_o2024-4539
_tRevista Brasileira de Engenharia Agrícola e Ambiental (Brazil)
_x1415-4366
_gv. 26 (4) p. 239-247; (2022)
_wBR2025003392
856 _uhttps://www.scielo.br/j/rbeaa/a/DRSTgF3cyxzqy5mVKrXrWHC/?format=pdf&lang=en
942 _cANA
999 _c337586
_d337586